[Event "ARG-ch sf Amateur sf 20"]
[Site "Villaguay"]
[Date "2019.12.06"]
[Round "2.4"]
[White "Pereyra, Jonathan Leonel"]
[Black "Abregu, Miguel"]
[Result "0-1"]
[WhiteElo "1931"]
[BlackElo "2196"]
[PlyCount "94"]
[EventDate "2019.12.06"]
[EventType "swiss"]
[EventRounds "6"]
[EventCountry "ARG"]
[SourceTitle "EXT 2024"]
[Source "ChessBase"]
[SourceDate "2023.10.10"]
[SourceVersion "1"]
[SourceVersionDate "2023.10.10"]
[SourceQuality "1"]

1. f4 g6 2. Nf3 Bg7 3. g3 b6 4. Bg2 Bb7 5. 0-0 c5 6. d3 d5 7. Nc3 Nd7 8. Qe1 d4 9. Ne4 Ngf6 10. Nfg5 Nxe4 11. Nxe4 Qc7 12. Bd2 0-0 13. c4 f5 14. Ng5 Bxg2 15. Kxg2 h6 16. Nf3 e5 17. fxe5 Nxe5 18. Bf4 Qc6 19. Bxe5 Bxe5 20. b4 Rae8 21. bxc5 bxc5 22. Rb1 Bc7 23. Qd2 Re3 24. Rf2 g5 25. Kf1 g4 26. Ng1 f4 27. gxf4 Rxf4 28. Qe1 Re6 29. Rxf4 Bxf4 30. Qh4 Be3 31. Qd8+ Re8 32. Qd5+ Qxd5 33. cxd5 Rd8 34. Kg2 Rxd5 35. Rb8+ Kg7 36. h3 h5 37. hxg4 hxg4 38. Rb1 Kg6 39. Kg3 Rh5 40. Rf1 Kg5 41. a4 Rh6 42. Kg2 Ra6 43. Ra1 Re6 44. Ra2 Rf6 45. Ra1 Kh4 46. Rf1 Rxf1 47. Kxf1 Kg3 0-1

[Event "Buenos Aires La Porta Cup"]
[Site "Buenos Aires"]
[Date "2019.03.22"]
[Round "3"]
[White "Meza, Anahi Silvina"]
[Black "Abregu, Miguel"]
[Result "1-0"]
[WhiteElo "2073"]
[BlackElo "2251"]
[PlyCount "73"]
[EventDate "2019.03.20"]
[EventType "swiss"]
[EventRounds "9"]
[EventCountry "ARG"]
[SourceTitle "CBM 189 Extra"]
[Source "ChessBase"]
[SourceDate "2019.06.03"]
[SourceVersion "1"]
[SourceVersionDate "2019.06.03"]
[SourceQuality "1"]

1. d4 Nf6 2. c4 e6 3. Nc3 Bb4 4. e3 0-0 5. Bd3 d5 6. Nf3 c5 7. 0-0 dxc4 8. Bxc4 Nc6 9. Bd3 cxd4 10. exd4 Be7 11. a3 b6 12. b4 Bb7 13. Bb2 g6 14. Ne4 Nd5 15. Qd2 Bf6 16. Nxf6+ Qxf6 17. Be4 Rfd8 18. Qh6 Nce7 19. Bc1 Qg7 20. Qh3 h5 21. Bg5 Re8 22. Ne5 Rad8 23. Rac1 Nf4 24. Bxf4 Bxe4 25. Rc7 Bf5 26. Qg3 Rc8 27. Rfc1 f6 28. Nf3 Rxc7 29. Rxc7 Rc8 30. Rxa7 Qf8 31. h3 Qd8 32. Bc7 Qd5 33. Bxb6 Nc6 34. Rc7 Ra8 35. Nh4 g5 36. Nxf5 exf5 37. Qc3 1-0

[Event "Boca Juniors op"]
[Site "Buenos Aires"]
[Date "1998.05.16"]
[Round "9"]
[White "Abregu, Miguel"]
[Black "Minzer, Claudio Javier"]
[Result "1-0"]
[WhiteElo "2290"]
[BlackElo "2380"]
[PlyCount "105"]
[EventDate "1998.05.07"]
[EventType "swiss"]
[EventRounds "9"]
[EventCountry "ARG"]
[SourceTitle "CBM 064 Extra"]
[Source "ChessBase"]
[SourceDate "1998.07.07"]
[SourceVersion "1"]
[SourceVersionDate "1998.07.07"]
[SourceQuality "1"]

1. d4 Nf6 2. c4 e6 3. Nf3 c5 4. d5 exd5 5. cxd5 d6 6. e4 g6 7. Nc3 Bg7 8. Bb5+ Bd7 9. Bd3 0-0 10. a4 Bg4 11. h3 Bxf3 12. Qxf3 Nbd7 13. Bf4 Qe7 14. 0-0 Ne5 15. Qe3 a6 16. Be2 Rfe8 17. Bg5 Ned7 18. Bd3 Rab8 19. Rfe1 Qf8 20. Qd2 h6 21. Bf4 g5 22. Bh2 Ne5 23. Bf1 Ng6 24. a5 Qe7 25. Ra4 Qc7 26. Nd1 b5 27. axb6 Rxb6 28. Nc3 Ne5 29. Rxa6 Rxa6 30. Bxa6 Nfd7 31. Bb5 Ra8 32. f4 gxf4 33. Bxf4 Kh7 34. Rf1 Nf8 35. Qe2 Nfg6 36. Bg3 Qe7 37. Rf5 Rb8 38. Qf1 Rf8 39. Kh1 Kg8 40. Be2 Nd7 41. Nb5 Nde5 42. Rh5 Rd8 43. Be1 Qf6 44. Qxf6 Bxf6 45. Rxh6 Bg7 46. Rh5 Nf4 47. Ba5 Nxh5 48. Bxh5 Rb8 49. Nxd6 Rxb2 50. Nf5 Rb4 51. d6 Rxe4 52. Bf3 Nxf3 53. d7 1-0

[Event "Boca Juniors op"]
[Site "Buenos Aires"]
[Date "1998.05.09"]
[Round "3"]
[White "Abregu, Miguel"]
[Black "Rodriguez Vila, Andres"]
[Result "0-1"]
[WhiteElo "2290"]
[BlackElo "2475"]
[PlyCount "82"]
[EventDate "1998.05.07"]
[EventType "swiss"]
[EventRounds "9"]
[EventCountry "ARG"]
[SourceTitle "CBM 064 Extra"]
[Source "ChessBase"]
[SourceDate "1998.07.07"]
[SourceVersion "1"]
[SourceVersionDate "1998.07.07"]
[SourceQuality "1"]

1. d4 f5 2. c4 Nf6 3. Nf3 g6 4. g3 Bg7 5. Bg2 0-0 6. 0-0 d6 7. Nc3 Nc6 8. d5 Na5 9. Nd2 c5 10. Qc2 e5 11. dxe6 Bxe6 12. Rd1 Nc6 13. e3 Qe7 14. b3 Nb4 15. Qb1 f4 16. gxf4 Ng4 17. Nce4 Bxa1 18. Qxa1 d5 19. cxd5 Bxd5 20. a3 Rad8 21. Rf1 Nd3 22. Qc3 Nxc1 23. Rxc1 b6 24. h3 Nf6 25. Nxf6+ Qxf6 26. Bxd5+ Rxd5 27. Qc4 Qf7 28. Ne4 Rfd8 29. Kh2 Rd3 30. Qa4 Kh8 31. b4 Qe8 32. Qxe8+ Rxe8 33. Ng5 Rc8 34. Nf7+ Kg7 35. Ne5 Rxa3 36. bxc5 Rxc5 37. Rd1 Rc7 38. Rd8 b5 39. Rb8 Rb3 40. Nf3 Rb2 41. Kg3 a5 0-1

[Event "Buenos Aires JMB op"]
[Site "Buenos Aires"]
[Date "1993.??.??"]
[Round "6"]
[White "Giaccio, Alfredo Gustavo"]
[Black "Abregu, Miguel"]
[Result "0-1"]
[WhiteElo "2350"]
[BlackElo "2280"]
[PlyCount "88"]
[EventDate "1993.??.??"]
[EventType "swiss"]
[EventRounds "7"]
[EventCountry "ARG"]
[SourceTitle "EXT 1998"]
[Source "ChessBase"]
[SourceDate "1997.11.17"]
[SourceVersion "1"]
[SourceVersionDate "1997.11.17"]
[SourceQuality "1"]

1. e4 c6 2. d4 d5 3. e5 c5 4. c3 Nc6 5. Nf3 cxd4 6. Nxd4 Nxe5 7. Bb5+ Bd7 8. 0-0 e6 9. Re1 Nc6 10. Nf5 a6 11. Ba4 Nf6 12. Bg5 h6 13. Bh4 Qb6 14. Nd2 0-0-0 15. Ne3 Qxb2 16. Bg3 Qa3 17. Rb1 Na5 18. Bxd7+ Rxd7 19. Nc2 Qa4 20. Qc1 Bd6 21. Nd4 Bxg3 22. hxg3 Rc7 23. Rb4 Qxa2 24. Re2 Nc6 25. N2b3 Nxb4 26. Rxa2 Nxa2 27. Qa3 Nxc3 28. Nc5 Nfe4 29. Nd3 Rc4 30. Nf3 Kb8 31. Kh2 Rhc8 32. Nfe5 R4c7 33. f3 Nb5 34. Qa5 Ned6 35. Qb4 f6 36. Ng6 e5 37. Qb3 d4 38. Nb4 Nf5 39. Nd5 Rc3 40. Qb4 Ne3 41. Nb6 d3 42. Ne7 Rd8 43. Qa5 d2 44. Nc4 Rxc4 0-1

[Event "Buenos Aires BCA op"]
[Site "Buenos Aires"]
[Date "1989.??.??"]
[Round "7"]
[White "Abregu, Miguel"]
[Black "Lida, Fidel Ernesto"]
[Result "0-1"]
[WhiteElo "2220"]
[BlackElo "2330"]
[PlyCount "94"]
[EventDate "1989.??.??"]
[EventType "swiss"]
[EventRounds "9"]
[EventCountry "ARG"]
[SourceTitle "EXT 2000"]
[Source "ChessBase"]
[SourceDate "1999.11.16"]
[SourceVersion "1"]
[SourceVersionDate "1999.11.16"]
[SourceQuality "1"]

1. d4 Nf6 2. c4 e6 3. Nf3 b6 4. g3 Bb7 5. Bg2 Be7 6. 0-0 d5 7. Ne5 0-0 8. Nc3 Nc6 9. Nxc6 Bxc6 10. Bg5 Qd7 11. Bxf6 Bxf6 12. cxd5 exd5 13. e3 Rfe8 14. b4 Rad8 15. a4 a6 16. Qb3 Bb7 17. Rab1 Qd6 18. Rfc1 h5 19. a5 h4 20. b5 hxg3 21. hxg3 bxa5 22. bxa6 Bc6 23. Nb5 Qd7 24. Na7 Ba8 25. Qc3 c6 26. Qc5 Be7 27. Qb6 Ba3 28. Nxc6 Bxc1 29. Nxd8 Bxe3 30. Nb7 Bd2 31. Qd6 Qf5 32. Rf1 Bc3 33. Qc5 Rc8 34. Nd6 Rxc5 35. Nxf5 Rc7 36. Rc1 a4 37. Ne3 a3 38. Nxd5 Bb2 39. Rxc7 a2 40. Rc8+ Kh7 41. Be4+ g6 42. Rxa8 a1Q+ 43. Kg2 Bxd4 44. Nf4 Qe1 45. Nh5 Qxf2+ 46. Kh3 Qf1+ 47. Bg2 Qg1 0-1